000 00632nam a2200241Ia 4500
003 OSt
005 20221007100338.0
006 a|||||r|||| 00| 0
007 ta
008 221006b |||||||| |||| 00| 0 eng d
024 _a4,261
037 _cTextual
040 _aLCO
_cLCO
_beng
041 _2eng
_aeng
082 _aZ2,9298, M0
100 _aTAKWANI C K
_9294639
245 0 _aLectures on administrative law
260 _aLucknow
_bEastern book company.
_c1980
300 _a328
650 _aADMINISTRATIVE LAW
_9681514
942 _hZ2,9298, M0
_cTEXL
999 _c1173824
_d1173824